00823cam a2200205 a 4500020001500000082002700015245010500042260004700147300003500194526003700229650005000266650004100316650004700357700002700404700003100431710002900462942001200491999001900503952009500522 a044221597500a628.1bHANcL-23, P-2700aHandbook of public water systems /cCulp/Wesner/Culp ; edited by Robert B. Williams, Gordon L. Culp. aNew York :bVan Nostrand Reinhold,cc1986. axiv, 1113 p. :bill. ;c24 cm. a0b0c0d628_100000000000000_HAN 0aMunicipal water supplyzUnited States.947433 0aWater qualityzUnited States.947434 0aWaterxPurificationzUnited States.9474351 aCulp, Gordon L.9474361 aWilliams, Robert B.9474372 aCulp/Wesner/Culp.947438 2ddccBK c550695d550695 00102ddc4070aMCEbMCEd2014-11-19l0o628.1 HANpMCE-24322r2014-11-19w2014-11-19yBK